00356 a2200121 450000100060000010000050000624500440001126000280005509000170008394200310010099900190013195200840015058718 a aSalas and hille's calculus one variable anEW YORKbJ Wlleyc1995 c36039d36039 aNUST-CAEcMONOGRAPHc28935 c293791d293791 001040708NFICaCAEbCAEd2017-04-03l0pCAE80623r2017-04-05w2017-04-05yBK